京都市営バスの停留所別乗降人員上位50地点 - Statistics

General Stats
  • This quiz has been taken 100 times
  • The average score is 24 of 50
Answer Stats
Answer % Correct
京都駅前
97%
四条河原町
88%
四条烏丸
86%
北大路バスターミナル
83%
四条大宮
80%
祇園
75%
金閣寺道
75%
銀閣寺道
70%
二条駅前
64%
北野白梅町
63%
四条堀川
63%
百万遍
63%
河原町三条
62%
出町柳駅前
62%
京都市役所前
59%
西大路四条
55%
千本北大路
55%
烏丸今出川
55%
四条高倉
54%
西ノ京円町
53%
千本丸太町
53%
清水道
51%
東山三条
49%
千本今出川
49%
烏丸丸太町
49%
立命館大学前
47%
河原町丸太町
45%
西大路御池
45%
堀川今出川
45%
四条京阪前
43%
河原町今出川
42%
五条坂
41%
九条車庫前
38%
堀川丸太町
37%
西大路五条
37%
わら天神前
36%
四条西洞院
34%
北野天満宮前
34%
熊野神社前
33%
北大路堀川
33%
太秦天神川駅前
32%
西大路七条
30%
桂駅西口
26%
千本中立売
26%
西大路駅前
26%
佛教大学前
22%
高野橋東詰
18%
府立医大病院前
17%
四条葛野大路
9%
上終町・瓜生山学園京都芸術大学前
7%
No matching quizzes found
Score Distribution
Percent of People with Each Score
Percentile by Number Answered
Your Score History
You have not taken this quiz